[Event "Voronezh Master Open"]
[Site "Voronezh RUS"]
[Date "2011.06.14"]
[Round "3.35"]
[White "Usmanov,V"]
[Black "Sakhvadze,G"]
[Result "1/2-1/2"]
[WhiteElo "2289"]
[BlackElo "2070"]

1.Nf3 Nf6 2.d4 d5 3.c4 c6 4.Qc2 g6 5.Bf4 Bg7 6.e3 Bf5 7.Qb3 Qb6 8.Nc3 Qxb3
9.axb3 Nbd7 10.h3 O-O 11.Nd2 h5 12.f3 Nb6 13.g4 Bc8 14.Bd3 Re8 15.Bc7 Bd7
16.Ke2 Rac8 17.Bxb6 axb6 18.g5 Nh7 19.f4 c5 20.Nxd5 Bc6 21.dxc5 Bxd5 22.cxd5 Rxc5
23.Bc4 Ra5 24.b4 Rxa1 25.Rxa1 Bxb2 26.Ra2 Bc3 27.b5 Ba5 28.Nf3 Nf8 29.Ne5 Rd8
30.e4 Nd7 31.Nd3 Rc8 32.Rc2 Kg7 33.Ke3 Nc5 34.Ba2 Ra8 35.Ne5 Bb4 36.Nc4 Nd7
37.e5 Bc5+ 38.Ke4 Ra4 39.e6 fxe6 40.dxe6 Nf8 41.Kd5 Ra8 42.Ke5 Rd8 43.Rd2 Ra8
44.Bb3 Ra1 45.Rd1 Ra8 46.Nb2 Ra3 47.Rd3 Ra1 48.Nd1 Ra5 49.Bc4 Ra4 50.Kd5 Nxe6
51.Kxe6 Rxc4 52.Nc3 Rxf4 53.Nd5 Re4+ 54.Kd7 e6 55.Nc7 e5 56.Ne6+ Kg8 57.Rf3 Re3
58.Rf6 Rxh3 59.Rxg6+ Kh7 60.Rh6+ Kg8 61.Rg6+ Kh8 62.Ke8 e4 63.Nf4 Rf3 64.Rf6 Be3
65.Rh6+ Kg8 66.Nxh5 Rf8+ 67.Ke7 Rf5 68.Ke6 Rxg5 69.Nf6+ Kg7 70.Rh7+ Kg6 71.Rh8 Bd4
72.Rg8+ Kh6 73.Rxg5 Kxg5 74.Nxe4+  1/2-1/2

[Event "Teplice Open"]
[Site "Teplice CZE"]
[Date "2011.06.15"]
[Round "5"]
[White "Adamek,J"]
[Black "Toman,Ondrej"]
[Result "1-0"]
[WhiteElo "2275"]
[BlackElo "1811"]

1.d4 d5 2.c4 c6 3.Qc2 Nf6 4.Nf3 g6 5.Nc3 e6 6.Bg5 Bg7 7.e3 O-O 8.Be2 Nbd7
9.O-O Re8 10.Rfd1 Qe7 11.Rac1 Qf8 12.Qb3 Kh8 13.h3 Ne4 14.Bf4 f5 15.Ne1 g5
16.Bh2 g4 17.Nxe4 fxe4 18.Bxg4 Qf7 19.Be2 Rg8 20.Qc2 Bh6 21.Bf1 Nf6 22.Be5 Bd7
23.Qe2 Raf8 24.f3 Qh5 25.g4 Qf7 26.Bg2 Bg7 27.fxe4 Nxe4 28.Nd3 Qg6 29.Rf1 Rxf1+
30.Rxf1 dxc4 31.Bxe4 Qxe4 32.Nc5 Qd5 33.e4 Qxd4+ 34.Bxd4 Bxd4+ 35.Kh1 Bxc5
36.Qxc4 Bf8 37.Qd4+  1-0

[Event "Voronezh FIDE Open"]
[Site "Voronezh RUS"]
[Date "2011.06.16"]
[Round "5.22"]
[White "Molodchin,Vladimir"]
[Black "Bekmurzaev,Sat-Emi"]
[Result "1/2-1/2"]
[WhiteElo "2075"]
[BlackElo "1915"]

1.d4 d5 2.Nf3 Nf6 3.c4 c6 4.Qc2 g6 5.Bf4 Bf5 6.Qb3 Qb6 7.Qxb6 axb6 8.Nbd2 Na6
9.a3 Bg7 10.Rc1 O-O 11.e3 c5 12.cxd5 cxd4 13.Bxa6 bxa6 14.Nxd4 Bd3 15.Be5 Rfc8
16.N2b3 Rxc1+ 17.Nxc1 Be4 18.O-O Bxd5 19.Nce2 Ne4 20.Bxg7 Kxg7 21.f3 Nc5
22.e4 Bc4 23.Rc1 b5 24.Rc2 Rd8 25.b4 e5 26.bxc5 exd4 27.Rd2 d3 28.Nc1 Kf6
29.Kf2 Ke6 30.Ke3 Rc8 31.Kd4 Rd8+ 32.Kc3 a5 33.Nxd3 Rc8 34.Kd4 Rd8+ 35.Kc3 Rc8
36.Kd4 Rd8+  1/2-1/2

[Event "Voronezh FIDE Open"]
[Site "Voronezh RUS"]
[Date "2011.06.16"]
[Round "5.6"]
[White "Katkov,V"]
[Black "Peschansky,M"]
[Result "1/2-1/2"]
[WhiteElo "2091"]
[BlackElo "2282"]

1.d4 d5 2.Nf3 Nf6 3.c4 c6 4.Qc2 g6 5.Bf4 Bf5 6.Qb3 Qb6 7.Qxb6 axb6 8.Nbd2 Na6
9.a3 Bg7 10.Rc1 O-O 11.e3 c5 12.cxd5 cxd4 13.Bxa6 bxa6 14.Nxd4 Bd3  1/2-1/2

[Event "4th Karen Asrian Memorial"]
[Site "Jermuk ARM"]
[Date "2011.06.17"]
[Round "2"]
[White "Aghasaryan,R"]
[Black "Simonian,H"]
[Result "1/2-1/2"]
[WhiteElo "2330"]
[BlackElo "2468"]

1.d4 d5 2.c4 c6 3.Nf3 Nf6 4.Qc2 g6 5.Bf4 Bg7 6.e3 Bf5 7.Qb3 Qb6 8.c5 Qxb3
9.axb3 Bxb1 10.Rxb1 Nbd7 11.b4 a6 12.h3 Ne4 13.Bd3 O-O 14.Bxe4 dxe4 15.Nd2 f5
16.Nc4 Nf6 17.Nb6 Rae8 18.Ke2 e6 19.Bd6 Rf7 20.f4 exf3+ 21.gxf3 Nd5 22.Nxd5 exd5
23.Kd3 Bf6 24.h4 h6 25.Rbg1 Kh7 26.Bf4 Rfe7 27.Rh2 Re6 28.b3 Kg7 29.Kd2 Ra8
30.Bc7 Kf7 31.Rhh1 Kg7 32.Bf4 Rc8 33.Rh2 Ra8 34.Rhh1 Kh7 35.Rh2 Rae8 36.Rhh1 h5
37.Rh3 Kg7 38.Rhh1 Kf7 39.Rg2 Ra8 40.Bc7 Re7 41.Bd6 Ree8 42.Bc7 Rec8 43.Be5 Be7
44.e4 Rg8 45.exd5 cxd5 46.Kc3 Rgc8 47.Ra2  1/2-1/2

[Event "4th Karen Asrian Memorial"]
[Site "Jermuk ARM"]
[Date "2011.06.18"]
[Round "3"]
[White "Petrosyan,T1"]
[Black "Ter Sahakyan,S"]
[Result "0-1"]
[WhiteElo "2236"]
[BlackElo "2592"]

1.d4 d5 2.c4 c6 3.Nf3 Nf6 4.Qc2 dxc4 5.Qxc4 Bf5 6.g3 e6 7.Bg2 Nbd7 8.O-O Nb6
9.Qb3 Qd5 10.Nbd2 Be7 11.a4 O-O 12.a5 Qxb3 13.Nxb3 Nbd5 14.a6 b6 15.Ne5 Rac8
16.Bg5 h6 17.Bxf6 gxf6 18.Nc4 Bc2 19.Nbd2 Rfd8 20.Rfc1 Bg6 21.Nb3 Kf8 22.e4 Nb4
23.Kf1 Ke8 24.Ke2 f5 25.exf5 Bxf5 26.Ne5 Bc2 27.Bxc6+ Nxc6 28.Rxc2 Nxe5 29.Rxc8 Rxc8
30.dxe5 Rc2+ 31.Kd3 Rxb2 32.Nd2 Kd7 33.Ne4 Kc6 34.h4 Bc5 35.h5 Rb3+ 36.Ke2 Bd4
37.Rc1+ Kd5 38.Nf6+ Kxe5 39.Ng4+ Ke4 40.Rc4 Rb2+ 41.Kf1 f5 42.Ne3 e5 43.Nc2 Kd3
44.Nxd4 Kxc4 45.Nxf5 Kd5 46.Nxh6 Ke6 47.Ng4 Kf5 48.Ne3+ Kg5 49.Nc4 Rc2 50.Nxe5 Kxh5
51.f4 b5 52.g4+ Kh4 53.g5 b4 54.g6 b3  0-1

[Event "Teplice Open"]
[Site "Teplice CZE"]
[Date "2011.06.18"]
[Round "8"]
[White "Chmelik,J"]
[Black "Rozsafny,M"]
[Result "0-1"]
[WhiteElo "2057"]
[BlackElo "1916"]

1.d4 d5 2.c4 c6 3.Nf3 Nf6 4.Qc2 e6 5.e3 Nbd7 6.b3 Ne4 7.Bd3 f5 8.O-O Bd6
9.Bb2 O-O 10.Nbd2 Qf6 11.c5 Bc7 12.b4 g5 13.Ne1 Qh6 14.Ndf3 g4 15.Ne5 Rf7
16.Qe2 Rg7 17.f4 gxf3 18.N1xf3 Ndf6 19.Rae1 Bd7 20.Nxd7 Rxd7 21.Ne5 Rg7 22.Bxe4 Nxe4
23.Rf4 Bxe5 24.dxe5 Kh8 25.Rc1 Rag8 26.Rc2 Rg5 27.Qf3 Rh5 28.g3 Ng5 29.Qe2 Nh3+
30.Kf1 Nxf4 31.gxf4 Qg6 32.Qf2 Qg4 33.Rd2 Rh3 34.Qg2 Rf3+ 35.Kg1 Qxg2+ 36.Rxg2 Rxg2+  0-1

[Event "IX Gyorgy Marx Mem"]
[Site "Paks HUN"]
[Date "2011.06.20"]
[Round "4"]
[White "Acs,Peter"]
[Black "Salgado Lopez,I"]
[Result "1/2-1/2"]
[WhiteElo "2606"]
[BlackElo "2623"]

1.d4 d5 2.c4 c6 3.Nf3 Nf6 4.Qb3 dxc4 5.Qxc4 Bf5 6.g3 e6 7.Bg2 Nbd7 8.O-O Be7
9.e3 O-O 10.Rd1 Qc7 11.Nc3 Rad8 12.h3 e5 13.Qe2 h6 14.e4 Bh7 15.dxe5 Nxe5
16.Nxe5 Rxd1+ 17.Qxd1 Qxe5 18.Bf4 Qe6 19.Qd4 b5 20.Qxa7 b4 21.Ne2 Bxe4 22.Nd4 Qd5
23.Bxe4 Nxe4 24.Nxc6 Bc5 25.Ne7+ Bxe7 26.Qxe7 Nd2 27.Bxd2 Qxd2 28.Qe5 Rc8
29.a4 Rc2 30.Qe8+ Kh7 31.Qxf7 Rxb2 32.Qf3 Qc2 33.Kg2 Rb3 34.Qf4 Qc6+ 35.Kg1 Ra3
36.Rc1 Rc3 37.Qf5+ Kg8 38.Rd1 Rc1 39.Rxc1 Qxc1+ 40.Kh2 Qa3 41.a5 b3 42.Qd5+ Kh8
43.Qd8+ Kh7 44.Qd3+ Kh8 45.a6 Qa2 46.Qd8+ Kh7 47.Qb6 b2 48.a7 Qxa7 49.Qxa7 b1=Q
50.Qa8 Qf1 51.Qf3 Kh8 52.h4 Qc4 53.Qf5 Qd4 54.Kg2 Kg8 55.Kf3 Qd1+ 56.Kf4 Qd4+
57.Kf3 Qd1+ 58.Kg2 Qd4 59.Kh3 Qd1 60.f3 Qf1+ 61.Kg4 Qf2 62.Qe6+ Kh8 63.Qe8+ Kh7
64.Qe4+ Kh8 65.Qe5 Kg8 66.f4 Qg1 67.Qd5+ Kh8 68.Qd8+ Kh7 69.Qd3+ Kg8 70.f5 Qf2
71.Qe4 h5+ 72.Kxh5 Qxg3 73.Qe8+ Kh7 74.Qg6+ Qxg6+ 75.fxg6+ Kg8 76.Kg5 Kh8
77.Kf5 Kg8 78.Ke6 Kh8 79.h5 Kg8 80.Ke7 Kh8 81.h6 Kg8 82.h7+ Kh8  1/2-1/2

[Event "Voronezh FIDE Open"]
[Site "Voronezh RUS"]
[Date "2011.06.20"]
[Round "9.1"]
[White "Provkin,V"]
[Black "Peschansky,M"]
[Result "1-0"]
[WhiteElo "2211"]
[BlackElo "2282"]

1.d4 d5 2.Nf3 c6 3.c4 Nf6 4.Qc2 g6 5.Nc3 dxc4 6.a4 Na6 7.e4 Be6 8.h3 h6 9.Be3 Bg7
10.Rd1 Qa5 11.Ne5 Nb4 12.Qd2 b5 13.axb5 cxb5 14.Be2 Nd3+ 15.Nxd3 cxd3 16.Bxd3 b4
17.Ne2 Kf8 18.O-O Kg8 19.Nf4 Bd7 20.e5 Ne8 21.Ra1 Qd8 22.Be4 Rb8 23.Rxa7 Nc7
24.Rfa1 Nb5 25.Ra8 Kh7 26.Rxb8 Qxb8 27.Qd3 e6 28.h4 h5 29.Nxh5 Nc7 30.Nf4 Kg8
31.g3 Bb5 32.Qc2 Nd5 33.Nxd5 exd5 34.Bxd5 Kh7 35.Bxf7  1-0

[Event "Voronezh Master Open"]
[Site "Voronezh RUS"]
[Date "2011.06.21"]
[Round "9.31"]
[White "Sukhareva,E"]
[Black "Baraeva,M"]
[Result "0-1"]
[WhiteElo "2194"]
[BlackElo "2170"]

1.d4 d5 2.Nf3 Nf6 3.c4 c6 4.Qc2 dxc4 5.Qxc4 Bg4 6.Nc3 Nbd7 7.e4 Bxf3 8.gxf3 e5
9.Be3 exd4 10.Bxd4 Bd6 11.O-O-O Qe7 12.Bh3 Ne5 13.Qb3 Nxf3 14.Bxf6 Qxf6 15.Bd7+ Kxd7
16.Qxb7+ Ke6 17.Qxc6 Qg5+ 18.Kb1 Qc5 19.Rxd6+ Qxd6 20.Qc4+ Ke7 21.Nd5+ Kf8
22.Qc3 Ne5 23.Rc1 f6 24.Qh3 Rd8 25.Rc7 Nd7 26.Qc3 Nb6 27.Rxa7 Nxd5 28.exd5 Qxd5
29.a4 Qe4+ 30.Ka2 Qe6+ 31.Ka3 Rg8 32.a5 Qd6+ 33.Qb4 Ke8 34.Qxd6 Rxd6 35.b4 Rd7
36.Ra8+ Rd8 37.Ra7 Rb8 38.Ka4 Kd8 39.b5 Re8 40.b6 Re4+ 41.Kb5 Re5+ 42.Kc6 Rc8+
43.Kd6 Rec5 44.Rd7+ Ke8 45.Re7+ Kf8 46.Ra7 Rb5 47.b7 Re8 48.a6 Ree5 49.Ra8+ Kf7
50.Kc6 Rec5+ 51.Kd7 Rd5+ 52.Kc7 Rdc5+ 53.Kb8 Rc6 54.Ka7 Rbb6 55.b8=Q Rxa6+
56.Kb7 Rab6+ 57.Ka7 Rxb8 58.Kxb8 Rc2 59.Ra7+ Kg6 60.h4 Rxf2 61.h5+ Kh6  0-1

[Event "Baltija Cup Open A"]
[Site "Palanga LTU"]
[Date "2011.06.22"]
[Round "6.31"]
[White "Juknaite,Aneta"]
[Black "Smilga,K"]
[Result "0-1"]
[WhiteElo "1693"]
[BlackElo "2150"]

1.d4 Nf6 2.Nd2 d5 3.c4 c6 4.Ngf3 Bf5 5.e3 e6 6.Be2 Be7 7.O-O O-O 8.b3 Ne4
9.Bb2 Nd7 10.Rc1 a5 11.Nxe4 dxe4 12.Nd2 c5 13.Qc2 cxd4 14.Bxd4 Bd6 15.Rfd1 e5
16.Bb2 Nc5 17.Nf1 Qf6 18.Ng3 Bg6 19.Bf1 Rfd8 20.a3 Qe6 21.Bc3 Nd3 22.Ra1 Bc7
23.Nxe4 Bxe4 24.Bxd3 Rxd3 25.Rxd3 Qg6  0-1

[Event "SCCF Candidates"]
[Site "Los Angeles USA"]
[Date "2011.06.25"]
[Round "2"]
[White "Yanayt,E"]
[Black "Huang,V"]
[Result "0-1"]
[WhiteElo "2240"]
[BlackElo "2128"]

1.d4 d5 2.c4 c6 3.Nf3 Nf6 4.Qc2 e6 5.g3 Nbd7 6.Bg2 Bd6 7.O-O O-O 8.Nbd2 Qe7
9.e4 dxe4 10.Nxe4 Nxe4 11.Qxe4 c5 12.Rd1 Nf6 13.Qc2 cxd4 14.Nxd4 Bc5 15.Nb3 Bb6
16.c5 Bc7 17.Nd4 Rd8 18.b4 a5 19.b5 e5 20.b6 exd4 21.bxc7 Qxc7 22.Bf4 Qd7
23.c6 d3 24.Qc1 bxc6 25.Bxc6 Qa7 26.Bxa8 Qxa8 27.Qe3 Bh3 28.f3 Qd5 29.Bg5 Ng4
30.Qe4 Qc5+ 31.Be3 Nxe3 32.Rac1 Qa7 33.Rxd3 Ng4+ 34.Qd4 Rxd4 35.Rc8+ Rd8+  0-1

[Event "64th ch-RUS HL"]
[Site "Taganrog RUS"]
[Date "2011.06.25"]
[Round "10"]
[White "Shimanov,A"]
[Black "Potkin,V"]
[Result "0-1"]
[WhiteElo "2583"]
[BlackElo "2682"]

1.d4 d5 2.c4 c6 3.Nf3 Nf6 4.Qc2 e6 5.Nbd2 dxc4 6.Nxc4 c5 7.dxc5 Bxc5 8.a3 b5
9.Nce5 Be7 10.e3 O-O 11.Bd3 Bb7 12.O-O Nbd7 13.Nxd7 Qxd7 14.Rd1 Bd5 15.e4 Rac8
16.Qe2 Bb3 17.Re1 a6 18.e5 Ne8 19.Qe4 g6 20.Bg5 Ng7 21.Bxe7 Qxe7 22.Qf4 Bd5
23.Ng5 Rfd8 24.Re3 h6 25.Nf3 Bxf3 26.Rxf3 Nf5 27.Bxf5 exf5 28.Re1 Rc4 29.Qxh6 Re4
30.Qc1 Rxe1+ 31.Qxe1 Qxe5 32.Re3 Qxb2 33.h4 Kg7 34.h5 Qd2 35.Qf1 Qd1 36.hxg6 Kxg6
37.Re1 Qd3 38.Re3 Qxf1+ 39.Kxf1 Rd4 40.Rc3 Ra4 41.Ke2 Kf6 42.Kd3 Ke5 43.Kd2 Rd4+
44.Ke2 Kd5 45.Rc7 Ra4 46.Rd7+ Ke5 47.Rd3 Re4+ 48.Kf3 a5 49.Rd7 Ra4 50.Rd3 Rf4+
51.Ke2 Re4+ 52.Kf1 Rd4 53.Rc3 Rc4 54.Rd3 Rd4 55.Rc3 Kd6 56.Ke2 f6 57.Rc8 Ra4
58.Rb8 Kc5 59.Rf8 Rxa3 60.Rxf6 b4 61.Rxf5+ Kc4 62.g4 b3 63.Kd2 Ra2+ 64.Kc1 a4
65.Kb1 Re2  0-1

[Event "Kheireddine Ameyar Memorial"]
[Site "Tipaza ALG"]
[Date "2011.06.25"]
[Round "2"]
[White "Arab,A"]
[Black "Amellal,Sofiane Anis"]
[Result "1-0"]
[WhiteElo "2430"]
[BlackElo "1818"]

1.d4 c6 2.c4 d5 3.Nf3 Nf6 4.Qc2 e6 5.Bg5 Nbd7 6.Nc3 Be7 7.e3 O-O 8.Bd3 dxc4
9.Bxc4 b5 10.Bd3 Bb7 11.O-O a6 12.a4 Rc8 13.Bxf6 Nxf6 14.Ne4 Nxe4 15.Bxe4 f5
16.Bd3 c5 17.Qe2 c4 18.Bc2 Bd6 19.axb5 axb5 20.e4 Bb8 21.Rfd1 Qe8 22.Ne5 Bxe5
23.dxe5 Qc6 24.Rd6 Qc5 25.exf5 exf5 26.Rad1 Rce8 27.e6 Re7 28.Rd7 Qc6 29.Be4 Rxe6
30.Bxc6 Rxe2 31.Bxb7 Rxb2 32.Bd5+ Kh8 33.Bxc4  1-0

[Event "6th Dvorkovich Cup"]
[Site "Moscow RUS"]
[Date "2011.06.26"]
[Round "1.13"]
[White "Bernadskiy,V"]
[Black "Antipov,M2"]
[Result "0-1"]
[WhiteElo "2435"]
[BlackElo "2378"]

1.d4 Nf6 2.c4 c6 3.Nf3 d5 4.Qb3 e6 5.Bg5 a5 6.Nbd2 a4 7.Qc2 Nbd7 8.e3 Be7
9.Bd3 h6 10.Bh4 O-O 11.O-O a3 12.b3 b6 13.cxd5 cxd5 14.Rac1 Ra7 15.Bb5 Bd6
16.Bg3 Bxg3 17.hxg3 Qe7 18.Qd3 Qb4 19.Qe2 Ra5 20.Bd3 Bb7 21.Rc7 Rb8 22.Rfc1 Qd6
23.Ne5 Raa8 24.Ndf3 Rc8 25.Rxc8+ Rxc8 26.Rxc8+ Bxc8 27.Qc2 Bb7 28.b4 Qb8
29.Qc3 Qa8 30.Nxd7 Nxd7 31.Qc7 Qc8 32.Qxc8+ Bxc8 33.Nd2 Nb8 34.b5 Nd7 35.Nb1 Kf8
36.Nxa3 Ke7 37.Nc2 Bb7 38.Nb4 Kd6 39.g4 g6 40.f3 f5 41.gxf5 exf5 42.Kf2 Ke6
43.Bc2 Nf6 44.Nd3 g5 45.Ne5 Bc8 46.a4 Ne8 47.g4 fxg4 48.fxg4 Kf6 49.Bb3 Be6
50.Kf3 Nd6 51.Bc2 Bc8 52.Bd3 Be6 53.Nc6 Bd7 54.Nb4 Be6 55.Na6 Ke7 56.Nc7 Bf7
57.Na8 Nc8 58.Bf5 Be6 59.Nc7 Bxf5 60.gxf5 Kf6 61.Nxd5+ Kxf5 62.e4+ Ke6 63.Ne3 Nd6
64.Ng4 h5 65.d5+ Ke7 66.Ne3 Kf6 67.Nf5 Nc4 68.Nd4 Ke5 69.Nc6+ Kd6 70.Nd8 Ke5
71.Nc6+ Kd6 72.Ke2 h4 73.Kf3 Nd2+ 74.Ke3 h3  0-1

[Event "TCh-SUI 2011"]
[Site "Switzerland SUI"]
[Date "2011.06.26"]
[Round "5.4"]
[White "Volke,K"]
[Black "Domont,A"]
[Result "1/2-1/2"]
[WhiteElo "2444"]
[BlackElo "2364"]

1.d4 d5 2.c4 c6 3.Nf3 dxc4 4.e3 Be6 5.Nc3 Nf6 6.Ng5 Qc8 7.e4 h6 8.Nxe6 Qxe6
9.e5 Nbd7 10.Be2 Nd5 11.O-O f5 12.Bxc4 N7b6 13.Bb3 g5 14.a4 a5 15.Bd2 Qg6
16.Nxd5 Nxd5 17.Bxd5 cxd5 18.Qb3 Qa6 19.Qxd5 e6 20.Qb5+ Qxb5 21.axb5 a4 22.Rfc1 Rh7
23.h4 gxh4 24.Rc4 Rd7 25.Raxa4 Rxa4 26.Rxa4 Rd5 27.b6 Rb5 28.Ra8+ Kf7 29.Ba5 Bb4
30.Bxb4 Rxb4 31.Rh8 Kg7 32.Rd8 Rxb6 33.Rd7+ Kg6 34.Re7 Kg5 35.Kh2 Kf4 36.f3 Ke3
37.Rd7 Rxb2 38.d5 exd5 39.Rxd5 Kf4 40.e6 Re2  1/2-1/2

[Event "Ladislava Kotana Mem"]
[Site "Kosice SVK"]
[Date "2011.06.27"]
[Round "4"]
[White "Vrabel,Michal"]
[Black "Timko,Mi"]
[Result "1-0"]
[WhiteElo "1984"]
[BlackElo "1894"]

1.Nf3 Nf6 2.c4 c6 3.g3 d5 4.d4 e6 5.Bg2 Nbd7 6.O-O Bd6 7.b3 O-O 8.Bb2 Ne4
9.Nbd2 f5 10.e3 Rf6 11.Nxe4 fxe4 12.Ne5 Bxe5 13.dxe5 Rg6 14.f3 Qg5 15.fxe4 Nxe5
16.exd5 Ng4 17.dxc6 Nxh2 18.Qd6 Nxf1 19.Rxf1 Qxe3+ 20.Rf2 Qe1+ 21.Bf1 h5
22.c7 e5 23.Qxg6 Bh3 24.Rf7  1-0

[Event "XIX Open A"]
[Site "Montcada i Reixac ESP"]
[Date "2011.06.27"]
[Round "3"]
[White "Hernandez Carmenates,Hold"]
[Black "Delgado Ramos,H"]
[Result "1/2-1/2"]
[WhiteElo "2558"]
[BlackElo "2480"]

1.d4 d5 2.c4 c6 3.Nf3 Nf6 4.Qc2 dxc4 5.Qxc4 Bf5 6.g3 e6 7.Bg2 Nbd7 8.O-O Be7
9.e3 O-O 10.Qe2 Ne4 11.Rd1 Qc7 12.Nh4 Bxh4 13.gxh4 e5 14.f3 Nef6 15.Nc3 exd4
16.Rxd4 Nc5 17.e4 Ne6 18.Rd1 Bg6 19.Qf2 Nh5 20.Be3 f5 21.exf5 Bxf5 22.Bxa7 Nef4
23.Bb6 Qf7 24.Kh1 Nd3 25.Qd2 Nhf4 26.Be3 Nxg2 27.Qxg2 Bg6 28.Rd2 Qxf3 29.Qxf3 Rxf3
30.Bb6 c5 31.b3 Ra6 32.Kg2 Re3 33.Na4 Be4+ 34.Kg1 h6 35.Rf1 Rh3 36.Re2 Rxh4
37.h3 Bc6 38.Nxc5 Rxb6 39.Nxd3 Bb5 40.Re3 Rd6 41.Rff3 Rhd4 42.Ne1 Rd2 43.a4 Bc6
44.Rf2 Rd1 45.Rb2 Rf6 46.Rf2 Rg6+ 47.Kf1 Rb1 48.Rd2 h5 49.Ke2 Rg1 50.Rd1 Rb2+
51.Rd2 Rb1 52.Rd1 Rb2+ 53.Rd2 Rb1  1/2-1/2

[Event "ch-Commonwealth RSA-Open"]
[Site "Ekurhuleni RSA"]
[Date "2011.06.28"]
[Round "6"]
[White "Laxman,R"]
[Black "Swathi,G"]
[Result "1-0"]
[WhiteElo "2446"]
[BlackElo "2317"]

1.Nf3 d5 2.d4 Nf6 3.c4 c6 4.Qc2 dxc4 5.Qxc4 Bf5 6.g3 Nbd7 7.Bg2 e6 8.O-O Be7
9.Nbd2 O-O 10.Qb3 Qb6 11.Nc4 Qa6 12.Bf4 Be4 13.Bd6 Bd5 14.Bxe7 Bxc4 15.Qc2 Rfc8
16.Rfe1 c5 17.dxc5 Nd5 18.Bd6 Bb5 19.Ng5 g6 20.Qe4 Nxc5 21.Qh4 h5 22.Be5 Nd7
23.Bd4 Bxe2 24.Nxf7 Kxf7 25.Bxd5 exd5 26.Qf4+ Nf6 27.Rxe2 Re8 28.Qc7+ Kg8
29.Re7 Rxe7 30.Qxe7 Rf8 31.Rc1 Rf7 32.Rc8+ Kg7 33.Qd8 Kh6 34.Be3+ g5 35.h4  1-0

[Event "TCh-TUR 2011"]
[Site "Konya TUR"]
[Date "2011.06.29"]
[Round "2"]
[White "Gurevich,M"]
[Black "Gagunashvili,M"]
[Result "1/2-1/2"]
[WhiteElo "2617"]
[BlackElo "2603"]

1.d4 d5 2.c4 c6 3.Nf3 Nf6 4.Qc2 dxc4 5.Qxc4 Bg4 6.Nc3 Nbd7 7.e4 e6 8.Be3 Be7
9.Ne5 Bh5 10.Nxd7 Nxd7 11.Be2 Bxe2 12.Qxe2 O-O 13.O-O Nf6 14.Rfd1 Qd7 15.Rd3 Rfd8
16.Rad1 Qe8 17.Bf4 Rac8 18.a3 Nd7 19.d5 e5 20.dxc6 bxc6 21.Be3 Nb6 22.a4 Rxd3
23.Rxd3 c5 24.a5 Nc4 25.Bh6 Nxa5 26.Nd5 Rc6 27.Qd2 Nb7 28.Nxe7+ Qxe7 29.Rd7 Qf8
30.Bxg7 Qxg7 31.Rxb7 Qg6 32.Qd5 Rd6 33.Rb8+ Kg7 34.Qxe5+ Qf6 35.Qg3+ Qg6
36.Qc3+ Qf6 37.Qg3+ Qg6 38.Qc3+ Qf6 39.Qxf6+ Kxf6 40.f4 Rd4 41.Rc8 Rxe4 42.Rc6+ Kg7
43.Rxc5 Rxf4 44.Ra5 Rb4 45.Rxa7  1/2-1/2

[Event "TCh-TUR 2011"]
[Site "Konya TUR"]
[Date "2011.06.30"]
[Round "3"]
[White "Dogan,A"]
[Black "Atalik,S"]
[Result "0-1"]
[WhiteElo "2130"]
[BlackElo "2616"]

1.d4 d5 2.c4 c6 3.Nf3 Nf6 4.Qc2 g6 5.Bf4 dxc4 6.Qxc4 Bg7 7.Nc3 O-O 8.e4 b5
9.Qb3 Qa5 10.Nd2 Rd8 11.e5 Ng4 12.Nf3 Be6 13.Qa3 Qb6 14.Qxe7 Na6 15.h3 Nf6
16.exf6 Bf8 17.Be2 Bxe7 18.fxe7 Re8 19.Bg5 h6 20.Bf6 Nb4 21.O-O Nd5 22.Ne4 Bf5
23.Nfd2 Nxe7 24.Be5 Nd5 25.Bf3 Re6 26.Rfe1 f6 27.Bd6 Rae8 28.Bc5 Qb8 29.Kf1 Qh2  0-1

[Event "TCh-TUR 2011"]
[Site "Konya TUR"]
[Date "2011.07.02"]
[Round "5"]
[White "Haznedaroglu,K"]
[Black "Keler,F"]
[Result "1/2-1/2"]
[WhiteElo "2444"]
[BlackElo "2231"]

1.d4 d5 2.c4 c6 3.Nf3 Nf6 4.Nbd2 g6 5.g3 Bg7 6.Bg2 O-O 7.O-O Ne4 8.e3 Nxd2
9.Nxd2 dxc4 10.Nxc4 Be6 11.Qe2 Bd5 12.Rd1 Bxg2 13.Kxg2 c5 14.Qf3 Qc7 15.d5 b5
16.d6 exd6 17.Nxd6 Nc6 18.Nxb5 Qb6 19.Rd6 Qxb5 20.Qxc6 Rab8 21.Qxb5 Rxb5
22.a4 Rb4 23.Ra2 Rfb8 24.Bd2 Rc4 25.a5 Rc2 26.Be1 c4 27.Ra4 Rc8 28.Rd7 Rxb2
29.Rxa7 Rb1 30.Bd2 Rb2 31.Be1 Rb1 32.Bd2 c3 33.Bxc3 Bxc3 34.a6 Ra1 35.Rf4 f5
36.e4 Bd4 37.Rd7 Be5 38.Rh4 Rxa6 39.exf5 Bg7 40.fxg6 hxg6 41.Rf4 Rf8 42.Rxf8+ Kxf8
43.f4 Ra2+ 44.Kh3 Rf2 45.Rd1 Kf7 46.Rh1 Bd4 47.Kg4 Ra2 48.Rd1 Bf6 49.h4 Ra3
50.Rd6 Rb3 51.Rd5 Ke6 52.Ra5 Bd4 53.Rg5 Kf7 54.f5 gxf5+ 55.Rxf5+ Ke6 56.Rf3  1/2-1/2

[Event "ch-BRU"]
[Site "Bandar Seri Begawan BRU"]
[Date "2011.07.03"]
[Round "3"]
[White "Yee Soon Wei"]
[Black "Hj,Azahari Fatimah"]
[Result "1-0"]
[WhiteElo "2281"]
[BlackElo "2066"]

1.d4 d5 2.Nf3 Nf6 3.c4 c6 4.g3 e6 5.Bg2 Bd6 6.O-O O-O 7.Nbd2 Nbd7 8.Qc2 e5
9.cxd5 Nxd5 10.Nc4 Bc7 11.Ncxe5 Nxe5 12.Nxe5 Bxe5 13.dxe5 Qe7 14.f4 Nb4 15.Qe4 Be6
16.Bd2 Na6 17.Bc3 Rad8 18.Qe3 Nc7 19.Qxa7 Nd5 20.Bd4 Qc7 21.e4 Ne7 22.Bb6 Qc8
23.Bxd8 Rxd8 24.Rfd1 Bg4 25.Rd6 Qc7 26.Qd4  1-0

[Event "ch-BEL"]
[Site "Antwerp BEL"]
[Date "2011.07.04"]
[Round "3.5"]
[White "Malakhatko,V"]
[Black "Hautot,S"]
[Result "1/2-1/2"]
[WhiteElo "2548"]
[BlackElo "2405"]

1.d4 d5 2.c4 c6 3.Nf3 Nf6 4.Qb3 dxc4 5.Qxc4 Bg4 6.Nbd2 Nbd7 7.g3 e6 8.Bg2 Be7
9.O-O O-O 10.Re1 Rc8 11.Qb3 b5 12.Ne5 Nxe5 13.dxe5 Nd7 14.h3 Bf5 15.e4 Bg6
16.f4 Nc5 17.Qf3 f6 18.exf6 Bxf6 19.Nb3 Na4 20.e5 Be7 21.Rd1 Qb6+ 22.Be3 c5
23.Rd2 Rfd8 24.Rad1 Rxd2 25.Rxd2 Qc7 26.Qg4 Bf7 27.Qd1 Be8 28.h4 Nb6 29.Bh3 Bf7
30.Bf2 Bf8 31.Kh2 h6 32.Nc1 a6 33.Ne2 Qc6 34.b3 Qf3 35.Qe1 Qb7 36.Bg2 Qc7
37.Rc2 Nd5 38.Nc3 Nb4 39.Rd2 Rd8 40.Qd1 Rxd2 41.Qxd2 c4 42.Be4 Be8 43.bxc4 Qxc4
44.Qd4  1/2-1/2

[Event "Krapina Open"]
[Site "Krapina CRO"]
[Date "2011.07.04"]
[Round "3.4"]
[White "Djodj,G"]
[Black "Takac,Z"]
[Result "1/2-1/2"]
[WhiteElo "1883"]
[BlackElo "2059"]

1.d4 d5 2.c4 c6 3.Nf3 Nf6 4.Qb3 dxc4 5.Qxc4 Bf5 6.g3 b5 7.Qb3 a5 8.a4 b4
9.Bg2 e6 10.O-O Qd5 11.Qd1 Qd8 12.Ne5 Ra6 13.Re1 Bxb1 14.Rxb1 c5 15.dxc5 Qxd1
16.Rxd1 Bxc5 17.Bg5 h6 18.Bxf6 gxf6 19.Rbc1 fxe5 20.Rxc5 Ke7 21.Rxe5 Ra7
22.Rc5 Nd7 23.Rb5 Rc8 24.Be4 Nc5 25.Rc1 Rac7 26.Bd3 Nxa4 27.Rxc7+ Rxc7 28.b3 Nb2
29.Rxa5 Nxd3 30.exd3 Rc3 31.Rb5 Rxb3 32.Kf1 Kd6 33.Ke2 Kc6 34.Rb8 Rb2+ 35.Ke3 Kc5
36.Rc8+ Kb5 37.Rb8+ Ka4 38.Ra8+ Kb3 39.h4 Ra2 40.Rb8 Ra7 41.Kd2 Rc7 42.g4 Ka3
43.Ra8+ Kb2 44.f4 f6 45.Ra6 Re7 46.f5 exf5 47.gxf5 Rf7 48.d4 b3 49.Rb6 Ka2
50.Ra6+ Kb1 51.Rb6 b2 52.Ra6 Rd7 53.Rb6 Ra7 54.Rxf6 Ka2 55.Rb6 b1=Q 56.Rxb1 Kxb1
57.Ke3 Kc2 58.Ke4 Kc3 59.Ke5 Ra5+ 60.d5 Kc4 61.f6 Rxd5+ 62.Ke6 Kd4 63.f7 Re5+
64.Kf6 Re1 65.f8=Q Rf1+ 66.Kg7 Rxf8 67.Kxf8  1/2-1/2

[Event "5th Varna Open"]
[Site "Golden Sands BUL"]
[Date "2011.07.05"]
[Round "4"]
[White "Soyunlu,N"]
[Black "Styazhkina,A"]
[Result "0-1"]
[WhiteElo "1827"]
[BlackElo "2039"]

1.d4 d5 2.c4 c6 3.Nf3 Nf6 4.Qc2 dxc4 5.Qxc4 Bf5 6.g3 e6 7.Bg2 Be7 8.O-O h6
9.Nc3 Nbd7 10.Re1 Nb6 11.Qb3 O-O 12.e4 Bh7 13.Bf4 c5 14.dxc5 Bxc5 15.Rad1 Qe7
16.Ne5 Rfd8 17.a3 Rac8 18.Rxd8+ Rxd8 19.Rd1 Nh5 20.Rxd8+ Qxd8 21.Qd1 Qxd1+
22.Nxd1 Nxf4 23.gxf4 f6 24.Nd3 Bd4 25.Kf1 Nc4 26.Ke2 b6 27.Bh3 Kf7 28.Bg2 f5
29.f3 g5 30.fxg5 hxg5 31.h3 Kf6 32.Bh1 Bg6 33.Bg2 Be8 34.Bf1 Ba4 35.Bg2 Bxd1+
36.Kxd1 Ne3+  0-1

[Event "9th Niki Open"]
[Site "Nachod CZE"]
[Date "2011.07.05"]
[Round "4.18"]
[White "Vesecky,M"]
[Black "Kolibik,J"]
[Result "1-0"]
[WhiteElo "2083"]
[BlackElo "1646"]

1.d4 d5 2.Nf3 Nf6 3.c4 c6 4.Qc2 g6 5.g3 Bg7 6.Bg2 O-O 7.O-O Bf5 8.Qb3 Qb6
9.Nc3 dxc4 10.Qxc4 Be6 11.Qd3 Nbd7 12.b3 Rad8 13.Bb2 Rfe8 14.e4 Qa5 15.Rfd1 Qh5
16.Rac1 Bg4 17.e5 Bxf3 18.Qxf3 Ng4 19.h3 Nh6 20.Qxh5 gxh5 21.Be4 f5 22.Bf3 h4
23.Bh5 Rf8 24.Ba3 e6 25.Bxf8 Nxf8 26.b4 hxg3 27.fxg3 Ng6 28.Bf3 Nf7 29.b5 Ne7
30.bxc6 bxc6 31.Rb1 Bh6 32.Kf2 Ng5 33.Bg2 Nf7 34.Rb7 Nc8 35.Bxc6 Bd2 36.Rxd2 Nxe5
37.Ba4 Nc4 38.Re2 N4b6 39.Bb3 Kh8 40.Rxe6  1-0

[Event "TCh-TUR 2011"]
[Site "Konya TUR"]
[Date "2011.07.06"]
[Round "10"]
[White "Citak,S"]
[Black "Haznedaroglu,K"]
[Result "1/2-1/2"]
[WhiteElo "2356"]
[BlackElo "2444"]

1.d4 d5 2.c4 dxc4 3.Nf3 c6 4.a4 Nf6 5.Nc3 Bg4 6.Ne5 Bh5 7.g3 e6 8.Bg2 Bb4
9.Nxc4 O-O 10.a5 Qe7 11.Qb3 Na6 12.O-O Rfd8 13.e3 Rab8 14.Bd2 c5 15.dxc5 Nd7
16.Ne4 Bxd2 17.Nexd2 Ndxc5 18.Qa3 Rd3 19.b3 Rbd8 20.Ra2 Qf6 21.Ne4 Qf5 22.Ncd2 R3d7
23.Nxc5 Qxc5 24.Qxc5 Nxc5 25.Rc2 Rxd2 26.Rxc5 Be2 27.Re1 b6 28.axb6 axb6
29.Rc3 Rb2 30.e4 g5 31.Bf1 Bxf1 32.Rxf1 g4 33.h3 gxh3 34.Rf3 Rdd2 35.Kh2 Re2
36.Rf4 Kg7 37.Kxh3 e5 38.Rg4+ Kf6 39.Rh4 Rxf2 40.Rxf2+ Rxf2 41.Rh6+ Kg5 42.Rxb6 h5
43.Rb8 Re2 44.Rg8+ Kf6 45.Rh8 Rxe4 46.Rxh5 Rb4 47.g4 Rxb3+ 48.Kg2 Ke6 49.Rf5 Rb7
50.Kf3 f6 51.Kg3 Rb3+ 52.Kf2 Rh3 53.Kg2 Rh6 54.Rf1 e4 55.Kg3 Ke5 56.Ra1 Rh8
57.Ra5+ Kd4 58.Ra4+ Kd5 59.Ra5+ Ke6 60.Kf4 Kf7 61.Kxe4  1/2-1/2